000 00674nam a2200217Ia 4500
003 OSt
005 20221007070214.0
006 a|||||r|||| 00| 0
007 ta
008 221006b |||||||| |||| 00| 0 eng d
024 _a15,153
037 _cReports / Technical Reports
040 _aFLL
_cFLL
_beng
041 _2eng
_aeng
082 _aX:952.4.N6, K9
245 0 _aMinimum wage fixing machinery and related problems, with special reference to developing countries
260 _aGeneva
_bInternational labour Office Geneva
_c1969
300 _a123p
_ccm.
942 _hX:952.4.N6, K9
_cREP
_2CC
999 _c1139787
_d1139787